• 首页
  • 本馆介绍
  • 公告通知
  • 最新文献
  • 馆藏检索
  • 电子资源
  • 读者导购
  • 参考咨询
  • 我的图书馆
  • 登录
  • 详细信息显示
  • 放入我的书架
  • 预约/预借图书
  • 作者相关作品
  • 分类相关作品
  • 丛书相关作品
  • 出版社相关作品

书目信息

  • 表格格式
  • 工作单格式
  • 卡片格式
题名:
统筹城乡发展
    
 
作者: 段应碧 主编
分册:  
出版信息: 北京   党建读物出版社  2012
页数: 409页
开本: 21cm
丛书名: 科学发展观丛书
单 册:
中图分类: F299.21
科图分类:
主题词: 城乡建设--研究--中国 , 城乡建设
电子资源:
ISBN: 978-7-5099-0279-0
000 01012nam0 22002771 450
001 524
005 20140909093646.00
010    @a978-7-5099-0279-0@dCNY54.00
100    @a20130124d2012 em y0chiy50 ea
101 0  @achi
102    @aCN@b110000
105    @ay z 000yy
106    @ar
200 1  @a统筹城乡发展@ATong Chou Cheng Xiang Fa Zhan@f段应碧主编@FDuan Ying Bi Zhu Bian@g科学发展观丛书编委会编
210    @a北京@c党建读物出版社@d2012
215    @a409页@d21cm
225 2  @a科学发展观丛书@i五个统筹
300    @a国家重点图书马列主义研究著作出版规划项目
330    @a本书遵循“提出问题——分析问题——解决问题”的总体思路。内容包括:统筹城乡发展的提出及内涵和意义、城乡关系的历史考察和展望、统筹城乡发展的理论依据、统筹城乡发展的现实依据等八章。
410  0 @12001 @a科学发展观丛书
606 0  @a城乡建设@x研究@y中国
606 0  @a城乡建设
690    @aF299.21@v5
701  0 @a段应碧@ADuan Ying Bi@f(1940.11~)@4主编
801  0 @aCN@bTANGWEI@c20140603
905    @b0836385-87@dF299.21@e1178@f3
    
    统筹城乡发展/段应碧主编/科学发展观丛书编委会编.-北京:党建读物出版社,2012
    409页;21cm.-(科学发展观丛书.五个统筹)
    国家重点图书马列主义研究著作出版规划项目
    
    ISBN 978-7-5099-0279-0:CNY54.00
    本书遵循“提出问题——分析问题——解决问题”的总体思路。内容包括:统筹城乡发展的提出及内涵和意义、城乡关系的历史考察和展望、统筹城乡发展的理论依据、统筹城乡发展的现实依据等八章。
●
相关链接 在E读中查询图书 在五车中查询图书 在当当中查询图书 在豆瓣中查询图书


正题名:统筹城乡发展     索取号:F299.21/1178         预约/预借

序号 登录号 条形码 馆藏地/架位号 状态 备注
1 0836385   208363858   第一样本阅览室/ [索取号:F299.21/1178] 在馆    
2 0836386   208363867   第一借阅区/ [索取号:F299.21/1178] 在馆    
3 0836387   208363876   第一借阅区/ [索取号:F299.21/1178] 在馆    
唐山师范学院图书馆 欢迎您!
大连网信软件有限公司© 版权所有